| 000 | 00624nam a2200193Ia 4500 | ||
|---|---|---|---|
| 008 | 220216s9999 xx 000 0 und d | ||
| 100 |
_aChen B _cet al |
||
| 245 | 0 | _aSpatio-temporal prediction of leaf area index of rubber plantation using HJ-1A/1B CCD images and recurrent neural network | |
| 260 |
_bISPRS Journal of Photogrammetry and Remote Sensing _c2015 |
||
| 300 | _a148-160 | ||
| 500 | _aSource Year: 2015 | ||
| 650 | _aHainan island | ||
| 650 | _aHJ-1A/1B CCD | ||
| 650 | _aLeaf area index | ||
| 650 | _aRecurrent neural network | ||
| 650 | _aRubber plantation | ||
| 856 | _uCopy of article | ||
| 942 | _cJS | ||
| 999 |
_c69111 _d69111 |
||